000 00423nam a2200181Ia 4500
001 22034
003 IN-NITTTR
005 20251114233249.0
008 251113s9999||||xx |||||||||||||| ||eng||
040 _beng
040 _cIN-NITTTR
041 _aeng
082 _a620.00425 I8I
100 _aYoshikawa, H.
245 0 _aIntelligent CAD, II. /
_cYoshikawa, H., Holden, T.
700 _a Holden, T.
942 _2ddc
_cBK
999 _c24663
_d24663